000 00446nam a2200157 i 4500
001 99401
003 ES-MaACL
005 20230906182507.0
007 t|
008 050908s1960 sp ||||1| spa d
100 1 _aMartín Vigil, José Luis.
_977676
245 1 0 _aUna chabola en Bilbao
_b: novela /
_cJosé Luis Martín Vigil.
260 _aBarcelona :
_bJuventud,
_c1960.
300 _a239 p. ;
_c21 cm.
852 _aES-MaACL
_jC-19702
_bR.47213
999 _c99401
_d99401